[Event "FSIM December"]
[Site "Budapest HUN"]
[Date "2006.12.09"]
[Round "8"]
[White "Rombaldoni,Ax"]
[Black "Humphrey,J"]
[Result "0-1"]
[WhiteElo "2260"]
[BlackElo "2256"]

1.e4 c5 2.Nf3 e6 3.d4 cxd4 4.Nxd4 a6 5.Nc3 b5 6.Bd3 Qb6 7.Be3 Bc5 8.Nce2 Nf6
9.c3 Ng4 10.b4 Nxe3 11.fxe3 Bd6 12.a4 bxa4 13.O-O Nc6 14.Rxa4 Bb7 15.Nc1 a5
16.Nxc6 Bxc6 17.Rxa5 Rxa5 18.bxa5 Qxe3+ 19.Kh1 Qc5 20.Qf3 O-O 21.a6 f5 22.Qf2 Qe5
23.Qh4 fxe4 24.Re1 exd3  0-1

[Event "Steinhart Mem"]
[Site "Herzeliya ISR"]
[Date "2006.12.09"]
[Round "5"]
[White "Zifroni,D"]
[Black "Kaplan,S"]
[Result "1/2-1/2"]
[WhiteElo "2523"]
[BlackElo "2402"]

1.e4 c5 2.Nf3 e6 3.d4 cxd4 4.Nxd4 a6 5.Nc3 b5 6.Bd3 Qb6 7.Nf3 Qc7 8.O-O Bb7
9.Re1 b4 10.Ne2 Nf6 11.Bf4 Qb6 12.Ng3 Bc5 13.Be3 Bxe3 14.Rxe3 d6 15.Nd2 O-O
16.Nc4 Qc5 17.e5 dxe5 18.Rxe5 Qc7 19.Nh5 Nbd7 20.Rg5 g6 21.Nxf6+ Nxf6 22.Qe2 Nd5
23.Qe5 Qxe5 24.Rxe5 a5 25.Be4 Rfd8 26.a3 Kf8 27.h4 Ke7 28.Bf3 Ra6 29.Ree1 Kf6
30.g3 Rc8 31.b3 Rc7 32.Re4 Kg7 33.Rd4 a4 34.axb4 axb3 35.Rxa6 Rxc4 36.Rxc4 b2
37.Ra3 b1=Q+ 38.Kg2 Qc1 39.Rb3 h6 40.b5 g5 41.hxg5 hxg5 42.b6 Ba6 43.b7 Bxc4
44.b8=Q Qf1+ 45.Kh2 Qxf2+ 46.Bg2 Bxb3 47.cxb3 Ne3 48.Qe5+ Kf8 49.Qc5+ Ke8
50.Qc8+ Ke7 51.Qc7+ Kf6 52.Qd8+ Kf5 53.Qd3+ Ke5 54.Qc3+ Kd6 55.Qc6+ Ke5 56.Qc3+ Kf5
57.Qd3+ Kf6 58.Qd8+ Kf5 59.Qd3+  1/2-1/2

[Event "Levikov Mem"]
[Site "Lviv UKR"]
[Date "2006.12.10"]
[Round "4"]
[White "Kravtsiv,M"]
[Black "Vovk,A"]
[Result "0-1"]
[WhiteElo "2446"]
[BlackElo "2474"]

1.e4 c5 2.Nf3 e6 3.d4 cxd4 4.Nxd4 a6 5.Nc3 b5 6.Bd3 Qb6 7.Nb3 Qc7 8.O-O Nf6
9.f4 b4 10.Ne2 Bb7 11.e5 Nd5 12.Ned4 Nc6 13.Nf3 a5 14.Be4 Qb6+ 15.Kh1 Ne3
16.Bxe3 Qxe3 17.Qd3 Qxd3 18.cxd3 d5 19.exd6 Bxd6 20.Ne5 a4 21.Nd2 Nd8 22.Rac1 f6
23.Nec4 Bc7 24.f5 exf5 25.Rxf5 Bxe4 26.Nxe4 O-O 27.Rc5 Ne6 28.Rc6 Rfe8 29.Re1 Be5
30.Nxe5 fxe5 31.Nd6 Rf8 32.Nc4 Nd4 33.Rb6 Rf2 34.h3 a3 35.Rb1 b3 36.Nxa3 bxa2
37.Ra1 Rd2 38.Rxa2 Rxd3 39.Ra1 e4 40.Re1 e3 41.Rd6 e2 42.Rxe2 Rd1+ 43.Kh2 Nf3+
44.gxf3 Rxd6 45.Kg3 Rg6+ 46.Kf2 Ra4 47.Re8+ Kf7 48.Rc8 Rh4 49.Nc4 Ke7 50.b4 Rg5
51.Ke3 Rxh3 52.Rc7+ Ke6 53.Nd2 g6 54.Rb7 Re5+ 55.Ne4 Rf5 56.Kd4 Rhxf3 57.Rb6+ Kd7
58.Rb7+ Kc6 59.Rxh7 Rd5+ 60.Kc4 Rfd3 61.Nc3 R5d4+ 62.Kb3 Rg4 63.b5+ Kb6 64.Re7 Rgg3
65.Re6+ Kb7 66.Rc6 g5 67.Kb4 g4  0-1

[Event "IM It"]
[Site "Eupen BEL"]
[Date "2006.12.11"]
[Round "4"]
[White "Gulbas,C"]
[Black "Kovalev,An"]
[Result "1/2-1/2"]
[WhiteElo "2379"]
[BlackElo "2548"]

1.e4 c5 2.Nf3 e6 3.d4 cxd4 4.Nxd4 a6 5.Nc3 b5 6.Bd3 Qb6 7.Nb3 Qc7 8.O-O Bb7
9.Qe2 Nf6 10.Bg5 b4 11.Nd1 Bd6 12.h3 Nc6 13.Rc1 Bh2+ 14.Kh1 Bf4 15.Bxf4 Qxf4
16.Qe3 Qxe3 17.Nxe3 d6 18.Nc4 Ke7 19.f4 e5 20.fxe5 Nxe5 21.Nxe5 dxe5 22.Nc5 Bc8
23.c3 a5 24.cxb4 axb4 25.Rc4 Rxa2 26.Rxb4 Rd8 27.Bc4 Rd4 28.Rc1 Ra7 29.Nd3 Rc7
30.Nxe5 Rxe4 31.Nd3 Nd5 32.Rb5 Ne3 33.Bb3 Rxc1+ 34.Nxc1 Ba6 35.Ra5 Bf1 36.Ra7+ Kd6
37.Rxf7 Bxg2+ 38.Kh2 Rh4 39.Rxg7 Rxh3+ 40.Kg1 Be4 41.Kf2 Nf5 42.Ra7 Rh2+
43.Ke1 Nd4 44.Bd1 Ke5 45.b4 Kf4 46.Ne2+ Ke3 47.Ng3 Rh3 48.Nf1+ Kf4 49.Rf7+ Bf5
50.Rb7 Bd3 51.Rf7+ Ke5 52.Kd2 Bc4 53.Rf8 Ne6 54.Rf2 Ng5 55.Ke1 Ne4 56.Rf8 Bxf1
57.Rxf1 Re3+ 58.Be2 Rb3 59.Kd1 Rb2 60.Ba6 Rxb4 61.Bd3 Rd4 62.Rf3 h5 63.Ke2 Nd6
64.Kf2 Rh4 65.Kg2 Kd4 66.Bg6 Nc4 67.Kf2 Ne5 68.Rg3 Rf4+ 69.Kg2 h4 70.Rg5 Rf6
71.Bh5 Ke4 72.Kh3 Rf4 73.Rg3 Kf5 74.Rg8 Rd4 75.Rg1 Kf6 76.Rg2 Nd3 77.Ra2 Kg5
78.Ra5+ Kh6 79.Bf3 Rf4 80.Ba8 Nf2+ 81.Kg2 Ng4 82.Bf3 Ne3+ 83.Kf2 Nf5 84.Kg2 Kg5
85.Bc6 Rd4 86.Ra4 Rd2+ 87.Kh3 Rd3+ 88.Kh2 Nd4 89.Bg2 Kf4 90.Ra7 Nf5 91.Rf7 Kg5
92.Ra7 Re3 93.Ra5 Re2 94.Kh3 Re7 95.Kh2 Re2 96.Kh3 Re3+ 97.Kh2 Re2  1/2-1/2

[Event "13th Open A"]
[Site "Zadar CRO"]
[Date "2006.12.12"]
[Round "3"]
[White "Armanda,I"]
[Black "Mandekic,I"]
[Result "0-1"]
[WhiteElo "2342"]
[BlackElo "2254"]

1.e4 c5 2.Nf3 e6 3.d4 cxd4 4.Nxd4 a6 5.Nc3 b5 6.Be2 Bb7 7.O-O d6 8.Re1 Nf6
9.a4 b4 10.Nb1 Be7 11.Bf3 Nbd7 12.c3 bxc3 13.Nxc3 O-O 14.a5 Ne5 15.Bg5 Rc8
16.Be2 h6 17.Bh4 Re8 18.Bg3 Rc5 19.Qb3 Qc8 20.Na4 Rc7 21.Nb6 Qb8 22.f4 Ned7
23.e5 Nc5 24.Qd1 dxe5 25.fxe5 Nd5 26.Bh5 Bg5 27.h4 Be3+ 28.Kh2 Bxd4 29.Qxd4 Nb3
30.Qa4 Nxa1 31.Rxa1 Ne3 32.Rg1 Nf5 33.Bf2 Rd8 34.Nc4 Bd5 35.Nb6 Bb7 36.Nc4 Bc6
37.Qa3 Rb7 38.g4 Nd4 39.g5 Rb3 40.Qc5 Rb5 41.Qe7 Rb7 42.Qa3 g6 43.gxh6 Kh7
44.Qg3 Rg8 45.Bd1 Nf5 46.Qg5 Bd5 47.Nd6 Nxd6 48.exd6 Qxd6+ 49.Bg3 Rxb2+ 50.Kh3 Qd8
51.Qf4 e5 52.Qxe5 Be6+ 53.Bg4 Bxg4+ 54.Kxg4 Qd7+ 55.Kf3 Qb7+ 56.Kg4 Rb5 57.Qc7 Qxc7
58.Bxc7 Rc8 59.Bb6 Rc4+ 60.Kh3 Rb3+ 61.Rg3 Rxg3+ 62.Kxg3 Kxh6 63.Bd8 Kh5
64.Be7 Rg4+ 65.Kh3 Ra4 66.Bd8 Ra3+ 67.Kg2 Kg4  0-1

[Event "GM Multicoms"]
[Site "Paris FRA"]
[Date "2006.12.13"]
[Round "1"]
[White "Cornette,M"]
[Black "Draoui,N"]
[Result "1/2-1/2"]
[WhiteElo "2480"]
[BlackElo "2416"]

1.e4 c5 2.Nf3 e6 3.d4 cxd4 4.Nxd4 a6 5.Nc3 b5 6.g3 Bb7 7.Bg2 Nf6 8.O-O b4
9.Na4 Bxe4 10.Bxe4 Nxe4 11.Re1 d5 12.c4 bxc3 13.Nxc3 Nxc3 14.Qh5 Ne4 15.Nxe6 g6
16.Nc7+ Qxc7 17.Qxd5 f5 18.Bf4 Qc6 19.Qe5+ Kf7 20.Qxh8 Bg7 21.Qxh7  1/2-1/2

[Event "13th Open A"]
[Site "Zadar CRO"]
[Date "2006.12.14"]
[Round "5"]
[White "Fercec,N"]
[Black "Ljubicic,F"]
[Result "1/2-1/2"]
[WhiteElo "2504"]
[BlackElo "2404"]

1.e4 c5 2.Nf3 e6 3.d4 cxd4 4.Nxd4 a6 5.Nc3 Qc7 6.Bd3 Nc6 7.Nb3 Nf6 8.O-O b5
9.f4 b4 10.Na4 d6 11.Be3 Rb8 12.Rc1 Be7 13.c3 Qd8 14.cxb4 Nxb4 15.Bb1 Bd7
16.Nd4 O-O 17.a3 Qe8 18.Nc3 Nc6 19.Nxc6 Bxc6 20.e5 Rxb2 21.Rc2 Rxb1 22.Qxb1 Ng4
23.Bd4 dxe5 24.fxe5 Qd7 25.Qb6 f6 26.exf6 Bd6 27.g3 gxf6 28.Ne2 Bb5  1/2-1/2

[Event "13th Open A"]
[Site "Zadar CRO"]
[Date "2006.12.14"]
[Round "5"]
[White "Orak,L"]
[Black "Titz,Hei"]
[Result "1/2-1/2"]
[WhiteElo "2298"]
[BlackElo "2264"]

1.e4 c5 2.Nf3 e6 3.d4 cxd4 4.Nxd4 a6 5.Nc3 b5 6.Bd3 Qb6 7.Nf3 Qc7 8.O-O Bb7
9.Re1 d6 10.e5 dxe5 11.Nxe5 Nf6 12.Bf4 Qc8 13.Nxb5 axb5 14.Bxb5+ Nbd7 15.Nxd7 Nxd7
16.Qg4 Be7 17.Qxg7 Rf8 18.Qxh7 Bc6 19.Bxc6 Qxc6 20.Qe4 Rc8 21.c3 Nf6 22.Qxc6+ Rxc6
23.Be5 Nd5 24.Rad1 f6 25.Bd4 Kf7 26.g3 Ra8 27.a3 Rb8 28.Re2 Rb3 29.Kf1 Nb6
30.Bxb6 Rcxb6 31.Rdd2 Rc6 32.h4 f5 33.Ke1 Kf6 34.Rc2 e5 35.Rcd2 Bf8 36.Rd5 e4
37.g4 fxg4 38.Rxe4 Rxb2 39.Rf4+ Ke6 40.c4 Rxc4 41.Rxc4 Kxd5 42.Rxg4 Bxa3
43.Rf4 Bd6 44.Rf3 Ke4 45.Re3+ Kf4 46.Kf1 Bc5 47.Re2 Rb8 48.Rc2 Bd4 49.Rc7 Rh8
50.Rf7+ Ke4 51.Ke2 Rxh4 52.Re7+ Kd5 53.Rf7 Rh3 54.Rf8 Ra3 55.Kf1 Ke4 56.Kg2 Ra6
57.Rf7 Bf6 58.Rf8 Kf5 59.Rb8 Ra2 60.Rb4 Be7 61.Rc4 Bf6 62.Rb4 Bc3 63.Rb3 Rc2
64.Ra3 Ke4 65.Ra7 Bd4 66.Rf7 Rc6 67.Rf8 Rg6+ 68.Kf1 Kd3 69.Rf7 Rg4 70.Rf8 Kd2
71.Rf7 Re4 72.Rf8 Re1+ 73.Kg2 Re2 74.Kf1 Re1+ 75.Kg2  1/2-1/2

[Event "6th Amplico AIG Life"]
[Site "Warsaw POL"]
[Date "2006.12.16"]
[Round "1"]
[White "Kaniak,J"]
[Black "Zubov,A UKR"]
[Result "0-1"]
[WhiteElo "1896"]
[BlackElo "2537"]

1.e4 c5 2.Nf3 e6 3.d4 cxd4 4.Nxd4 a6 5.Nc3 Qc7 6.Be2 b5 7.a3 Bb7 8.O-O Nf6
9.Qd3 Nc6 10.Be3 Ne5 11.Qd2 Nxe4 12.Nxe4 Bxe4 13.Bf4 f6 14.Rad1 Qb7 15.Qe3 Bc5
16.Qg3 O-O 17.f3 Bxc2 18.Bxe5 Bxd1 19.Rxd1 fxe5 20.Qxe5 Rf5 21.Qe4 Rd5 22.Kf1 Rc8
23.Bd3 Bxd4 24.Qxh7+ Kf8 25.Be4 Bxb2 26.Bxd5 exd5 27.Qh8+ Kf7 28.Re1 Rxh8  0-1

[Event "6th Amplico AIG Life"]
[Site "Warsaw POL"]
[Date "2006.12.16"]
[Round "2"]
[White "Heberla,B"]
[Black "Lewandowski,R"]
[Result "1/2-1/2"]
[WhiteElo "2569"]
[BlackElo "2201"]

1.e4 c5 2.Nc3 e6 3.Nf3 a6 4.d4 cxd4 5.Nxd4 Nf6 6.e5 Ng8 7.Qg4 d6 8.Bf4 dxe5
9.Bxe5 Nf6 10.Qg3 Nbd7 11.O-O-O Nh5 12.Qe3 Qa5 13.Bg3 Be7 14.Be2 Nxg3 15.hxg3 Qe5
16.Qd2 Bb4 17.a3 Ba5 18.Rh5 Qc7 19.b4 Bb6 20.Ne4 Nf6 21.Nxf6+ gxf6 22.Kb2 Bd7
23.c4 e5 24.c5 exd4 25.cxb6 Qxb6 26.Qxd4 Qxd4+ 27.Rxd4 Bc6 28.Rf4 Ke7 29.Rh6 Rad8
30.Kc3 Rd6 31.Bc4 b5 32.Bf1 Rc8 33.Rh5 Bd5+ 34.Kb2 Be6 35.Rc5  1/2-1/2

[Event "6th Amplico AIG Life"]
[Site "Warsaw POL"]
[Date "2006.12.16"]
[Round "3"]
[White "Ivanov,Andrew"]
[Black "Gritsak,O"]
[Result "0-1"]
[WhiteElo "2301"]
[BlackElo "2542"]

1.e4 c5 2.Nf3 e6 3.d4 cxd4 4.Nxd4 a6 5.Nc3 Nc6 6.Nxc6 bxc6 7.Bd3 d5 8.O-O Nf6
9.Re1 Bb7 10.e5 Nd7 11.Na4 c5 12.c4 dxc4 13.Bxc4 Qc7 14.Bf4 Rd8 15.Qg4 h5
16.Qh3 Be7 17.Qg3 g5 18.Bxg5 h4 19.Qf4 Qc6 20.f3 Bxg5 21.Qxg5 Qxa4 22.Bxe6 fxe6
23.Qg6+ Kf8 24.Re4 Bxe4 25.fxe4 Qd4+ 26.Kh1 Qxe5 27.Rf1+ Ke7 28.Qf7+ Kd6
29.b4 h3 30.Rd1+ Kc6 31.Qf3 hxg2+ 32.Qxg2 Nb6  0-1

[Event "6th Amplico AIG Life"]
[Site "Warsaw POL"]
[Date "2006.12.16"]
[Round "6"]
[White "Savickas,A"]
[Black "Kveinys,A"]
[Result "0-1"]
[WhiteElo "2360"]
[BlackElo "2540"]

1.e4 c5 2.Nf3 e6 3.d4 cxd4 4.Nxd4 a6 5.Nc3 Qc7 6.g4 Bc5 7.Nb3 Ba7 8.Qf3 Ne7
9.Bf4 e5 10.Bg5 Nbc6 11.O-O-O d6 12.Bc4 Be6 13.Bxe7 Nxe7 14.Bd5 O-O 15.Qd3 Rad8
16.f3 Ng6 17.Ne2 Rc8 18.c3 Bd7 19.Kb1 a5 20.Nbc1 b5 21.h4 Ne7 22.Ng3 Nxd5
23.exd5 b4 24.cxb4 axb4 25.Nb3 Qc4 26.Qd2 Qf4 27.Qxf4 exf4 28.Ne4 Ra8 29.Nxd6 Ba4
30.Ne4 Be3 31.d6 Rfd8 32.Rh2 Ra7 33.Rc2 h5 34.g5 Kh7 35.Rc4 Bb5 36.Rc2 Rda8
37.Nec5 Rd8 38.Ne4 Kg6 39.Rd5 Bd7 40.Rc7 Be6 41.Rxa7 Bxd5 42.Re7 f5 43.gxf6 gxf6
44.Kc2 f5 45.Ng5 Rxd6 46.a4 Rc6+  0-1

[Event "6th Amplico AIG Life"]
[Site "Warsaw POL"]
[Date "2006.12.17"]
[Round "10"]
[White "Przybylski,W"]
[Black "Muzychuk,A"]
[Result "0-1"]
[WhiteElo "2329"]
[BlackElo "2452"]

1.e4 c5 2.Nf3 e6 3.d4 cxd4 4.Nxd4 a6 5.Nc3 b5 6.Bd3 Bb7 7.Qe2 d6 8.O-O Nf6
9.a4 b4 10.Na2 Be7 11.Bd2 a5 12.c3 bxc3 13.Nxc3 O-O 14.Kh1 Nbd7 15.Rad1 Nc5
16.Bc2 Re8 17.Ndb5 Qb6 18.Bf4 Rad8 19.Rd2 Rd7 20.Rfd1 Red8 21.Be3 Qc6 22.f3 Ba6
23.Qf2 Ne8 24.Bd4 Bf8 25.Qh4 h6 26.Be3 Nc7 27.Nd4 Qb7 28.Qg3 g6 29.h4 Qxb2
30.Nce2 Qa3 31.Bf2 e5 32.Nc6 Rc8 33.h5 g5 34.Ng1 N7e6 35.Nxe5 dxe5 36.Rxd7 Nxd7
37.Rxd7 Rxc2 38.Qxe5 Qxa4 39.Ra7 Rxf2 40.Qf5 Qe8 41.Rxa6 a4 42.Nh3 Rb2 43.f4 Qb5
44.Qxb5 Rxb5 45.Rxa4 gxf4 46.Kg1 Rxh5 47.Kf2 Rb5 48.Ra2 Ng5 49.Nxf4 Nxe4+
50.Kf3 Ng5+ 51.Kg4 Ne6 52.Nh3 Kg7 53.Rd2 h5+ 54.Kg3 Kg6 55.Rd3 Bg7 56.Ra3 Rc5
57.Ra6 Be5+ 58.Kf3 Rc3+ 59.Ke4 Bf6 60.Nf4+ Nxf4 61.Kxf4 h4 62.Ra2 Bg5+  0-1

[Event "6th Amplico AIG Life"]
[Site "Warsaw POL"]
[Date "2006.12.17"]
[Round "11"]
[White "Zezulkin,J"]
[Black "Kveinys,A"]
[Result "1/2-1/2"]
[WhiteElo "2448"]
[BlackElo "2540"]

1.e4 c5 2.Nc3 e6 3.Nf3 a6 4.d4 cxd4 5.Nxd4 Qc7 6.Bd3 Nf6 7.O-O d6 8.a4 g6
9.Be2 e5 10.Bg5 Nbd7 11.Nb3 h6 12.Be3 b6 13.f4 Bg7 14.Nd2 exf4 15.Bxf4 Ne5
16.Kh1 Bb7 17.Qe1 Nfd7 18.Qg3 O-O 19.Rad1 Nc5 20.Bc4 Nxc4 21.Nxc4 Nxe4 22.Nxe4 Bxe4
23.Nxd6 Qxc2 24.Rd2 Qc6 25.Be5 f6 26.Bc3 g5 27.Nxe4 Qxe4 28.Qc7 b5 29.Rd7 Qg6
30.Re1 Rae8 31.Rxe8 Rxe8 32.h3 g4 33.hxg4 Qxg4 34.axb5 axb5 35.Qb7 Qh4+ 36.Kg1 Re1+
37.Bxe1 Qxe1+ 38.Kh2 Qh4+  1/2-1/2

[Event "6th Amplico AIG Life"]
[Site "Warsaw POL"]
[Date "2006.12.17"]
[Round "12"]
[White "Zezulkin,J"]
[Black "Zubov,A UKR"]
[Result "1-0"]
[WhiteElo "2448"]
[BlackElo "2537"]

1.e4 c5 2.Nc3 e6 3.Nf3 a6 4.d4 cxd4 5.Nxd4 b5 6.Bd3 Qb6 7.Nb3 Qc7 8.O-O Bb7
9.f4 d6 10.Qe1 Nc6 11.a4 b4 12.Ne2 Nf6 13.a5 Be7 14.Be3 O-O 15.Qg3 Rfe8 16.Ned4 Bf8
17.Nf3 d5 18.e5 Ne4 19.Qh3 h6 20.Bb6 Qe7 21.Rae1 f5 22.exf6 Qxf6 23.Nbd4 Qxf4
24.Nxe6 Qf6 25.Nc7 Nxa5 26.Bd4 Qd8 27.Nxa8 Qxa8 28.Ne5 Nc6 29.Nxc6 Bxc6 30.Qh5 Qb7
31.Qg6 a5 32.Rxe4 dxe4 33.Bc4+ Bd5 34.Bxd5+ Qxd5 35.Rxf8+  1-0

[Event "6th Amplico AIG Life"]
[Site "Warsaw POL"]
[Date "2006.12.17"]
[Round "13"]
[White "Jakubowski,K"]
[Black "Kveinys,A"]
[Result "0-1"]
[WhiteElo "2497"]
[BlackElo "2540"]

1.e4 c5 2.Nf3 e6 3.d4 cxd4 4.Nxd4 a6 5.Nc3 Qc7 6.Bd3 Nf6 7.Bg5 Bc5 8.Nb3 Be7
9.f4 d6 10.Qe2 h6 11.Bxf6 Bxf6 12.Nd1 Nd7 13.c3 Nc5 14.Bc2 b5 15.Nf2 Bb7
16.Nd2 e5 17.Ng4 Be7 18.fxe5 dxe5 19.h4 Ne6 20.g3 Nd4 21.Qd1 Nxc2+ 22.Qxc2 Bc5
23.Rf1 h5 24.Nf2 Rh6 25.O-O-O O-O-O 26.Nd3 Be3 27.Rfe1 Bb6 28.Nf3 Rg6 29.Ndxe5 Rxd1+
30.Rxd1 Rxg3 31.Rd7 Qc5 32.Rd4 Qe7 33.Qh2 Bxd4 34.Qxg3 Be3+ 35.Kd1 f6 36.Qh3+ Kb8
37.Nd3 Qxe4 38.Nde1 Bf4 39.Nd4 Qb1+ 40.Ke2 Qxb2+ 41.Nec2 Qxa2 42.Qd7 Qc4+
43.Kf2 Qxc3 44.Qxg7 Be5 45.Qd7 Qd2+ 46.Kf1 Bg2+ 47.Kg1 Bh2+  0-1

[Event "6th Amplico AIG Life"]
[Site "Warsaw POL"]
[Date "2006.12.17"]
[Round "13"]
[White "Hunt,H"]
[Black "Muzychuk,A"]
[Result "1/2-1/2"]
[WhiteElo "2439"]
[BlackElo "2452"]

1.e4 c5 2.Nc3 e6 3.Nf3 a6 4.d4 cxd4 5.Nxd4 b5 6.Bd3 Bb7 7.O-O d6 8.Kh1 Nf6
9.Qe2 Be7 10.f4 O-O 11.Nf3 b4 12.Nd1 Nbd7 13.e5 Nd5 14.Nf2 Nc5 15.Bd2 Nxd3
16.Qxd3 a5 17.Rfd1 dxe5 18.fxe5 f5 19.exf6 Nxf6 20.Qe2 Bxf3 21.Qxf3 Qd5 22.Qe2 Qf5
23.Be3 Nd5 24.Bd4 Nf4 25.Qg4 Qxg4 26.Nxg4 Rac8 27.c3 Nd5 28.cxb4 axb4 29.Ne5 Rf4
30.Nf3 Bf6 31.a4 bxa3 32.bxa3 Rc4 33.Bxf6 gxf6 34.Rd3 Ra4 35.Rb1 Ra7 36.Kg1 Rc4
37.g3 Kg7 38.Nd4 Kf7 39.Re1 Ra6 40.Kg2 Rc3 41.Rxc3 Nxc3 42.Re3 Nb1 43.Nb5 Ra5
44.Rb3 Nd2 45.Rb4 f5 46.a4 Ne4 47.Rc4 Kf6 48.Nd4 h5 49.Rc6 Rxa4 50.Nxe6 Ra2+
51.Kh3 Ng5+ 52.Nxg5+ Kxg5 53.Rc8  1/2-1/2

[Event "44th National A ch-IND"]
[Site "Atul IND"]
[Date "2006.12.20"]
[Round "3"]
[White "Abhishek,D"]
[Black "Rohit,G"]
[Result "0-1"]
[WhiteElo "2307"]
[BlackElo "2393"]

1.e4 c5 2.Nf3 e6 3.d4 cxd4 4.Nxd4 a6 5.Nc3 Qc7 6.Be3 Nf6 7.a3 b5 8.Bd3 Bb7
9.O-O d6 10.f4 Nbd7 11.g4 h5 12.g5 Ng4 13.Qf3 Nxe3 14.Qxe3 Qb6 15.Rae1 Rc8
16.g6 Nf6 17.gxf7+ Kxf7 18.f5 Ng4 19.fxe6+ Kg8 20.Qg5 Qxd4+ 21.Kh1 Qe5 22.Qxe5 Nxe5
23.Nd5 Re8 24.Rf5 Rxe6 25.Ref1 Be7  0-1

[Event "44th National A ch-IND"]
[Site "Atul IND"]
[Date "2006.12.20"]
[Round "3"]
[White "Ganguly,S"]
[Black "Prathamesh,S"]
[Result "1-0"]
[WhiteElo "2573"]
[BlackElo "2335"]

1.e4 c5 2.Nf3 e6 3.d4 cxd4 4.Nxd4 a6 5.Nc3 b5 6.Bd3 d6 7.O-O Nf6 8.a4 b4
9.Na2 e5 10.Nf3 Nc6 11.Bc4 Bg4 12.Qd3 Bxf3 13.Qxf3 Be7 14.Bg5 O-O 15.Bxf6 Bxf6
16.Bd5 Nd4 17.Qd3 Rb8 18.c3 bxc3 19.bxc3 Nb3 20.Bxb3 Rxb3 21.Nb4 Qc7 22.Nd5 Qc6
23.Rfb1 Rxb1+ 24.Qxb1 Bd8 25.Qd3 a5 26.Qb5 Qc8 27.Rb1 f5 28.Qd3 Qd7 29.Rb5 fxe4
30.Qxe4 Qf7 31.f3 Qe6 32.Qc4 Kh8 33.Rb8 h5 34.h3 Qf7 35.Kh1 Qa7 36.Rb2 Qd7
37.Qe4 Qe6 38.Rb8 Qh6 39.Ne3 Rg8 40.Nd5 Qc1+ 41.Kh2 Qh6 42.Ra8 Rf8 43.Rb8 Kg8
44.Qc4 Kh7 45.Rb5 Qe6 46.Qe4+ Kh6 47.g3 h4 48.gxh4 Qf7 49.Ne3 Qf4+ 50.Kg2 Bxh4
51.Qxf4+ Rxf4 52.Rxa5 Be1 53.Ra6 Bxc3 54.Rxd6+ Kg5 55.Rc6 Be1 56.Rc4 Rf7
57.Re4 Bc3 58.Rg4+ Kh5 59.Kg3 g5 60.Rc4 Be1+ 61.Kg2 Bd2 62.Ng4 Bf4 63.Rc6  1-0

[Event "Sub-Zt 2.3.4"]
[Site "Bogota COL"]
[Date "2006.12.22"]
[Round "9"]
[White "Renteria,J"]
[Black "Zuluaga,C"]
[Result "0-1"]
[WhiteElo "2302"]
[BlackElo "2278"]

1.e4 c5 2.Nf3 e6 3.d4 cxd4 4.Nxd4 a6 5.Nc3 Qc7 6.Be3 Nf6 7.Bd3 d6 8.f4 b5
9.Qf3 Bb7 10.a3 Nbd7 11.g4 Nc5 12.g5 Nfd7 13.O-O g6 14.Rac1 Nb6 15.Qg4 d5
16.f5 gxf5 17.exf5 e5 18.Rce1 O-O-O 19.Ncxb5 Qd7 20.Be2 exd4 21.Bd2 Kb8 22.Ba5 Qc6
23.Qg3+  0-1

[Event "27th Open A"]
[Site "Bethune FRA"]
[Date "2006.12.26"]
[Round "1"]
[White "Sprangers,R"]
[Black "Tissir,M"]
[Result "0-1"]
[WhiteElo "2188"]
[BlackElo "2490"]

1.e4 c5 2.Nf3 e6 3.d4 cxd4 4.Nxd4 a6 5.Nc3 Bc5 6.Nb3 Be7 7.Qg4 g6 8.Bd3 d6
9.O-O Nd7 10.f4 Ngf6 11.Qe2 Qc7 12.Bd2 b5 13.a4 b4 14.Nd1 a5 15.Nf2 Bb7 16.Rae1 O-O
17.Nd4 e5 18.Nf3 Nc5 19.Qe3 Nh5 20.fxe5 dxe5 21.Qh6 Nxd3 22.cxd3 f6 23.Nh4 Bc5
24.Rc1 Qb6 25.g4 Ng7 26.Kg2 Rad8 27.Rfe1 Bxf2  0-1

[Event "27th Open A"]
[Site "Bethune FRA"]
[Date "2006.12.27"]
[Round "4"]
[White "Bolzoni,V"]
[Black "De Lange,H"]
[Result "1-0"]
[WhiteElo "2203"]
[BlackElo "1858"]

1.e4 c5 2.Nf3 e6 3.d4 cxd4 4.Nxd4 a6 5.Nc3 Qc7 6.g3 Nc6 7.Bg2 Nf6 8.Nde2 b5
9.Bf4 d6 10.a3 Bb7 11.O-O Rd8 12.Qc1 h5 13.Bg5 Be7 14.Rd1 Ne5 15.Nf4 Qb6
16.Rd2 Neg4 17.Qe1 Bc8 18.Nd3 O-O 19.Rad1 Rd7 20.h3 Nh6 21.Nf4 Qc5 22.h4 Nhg4
23.Nd3 Qa7 24.Qe2 Rfd8 25.Bf3 g6 26.Kg2 Bb7 27.Kg1 Qa8 28.Bg2 Kg7 29.f3 Nh6
30.Ne5 Rc7 31.Bxh6+ Kxh6 32.Nxf7+ Kg7 33.Nxd8 Qxd8 34.e5 Ne8 35.exd6 Nxd6
36.Qe5+ Kf7 37.Rxd6  1-0

[Event "16th North American Open"]
[Site "Las Vegas USA"]
[Date "2006.12.27"]
[Round "2"]
[White "Friedel,J"]
[Black "Coleman,T"]
[Result "1-0"]
[WhiteElo "2460"]
[BlackElo "2234"]

1.e4 c5 2.Nf3 e6 3.d4 cxd4 4.Nxd4 a6 5.Nc3 Qc7 6.Bd3 Nf6 7.O-O Nc6 8.Be3 Be7
9.f4 d6 10.Qf3 O-O 11.Rae1 Nxd4 12.Bxd4 e5 13.fxe5 dxe5 14.Qg3 Bc5 15.Bxc5 Qxc5+
16.Kh1 Ne8 17.Nd5 f6 18.b4 Qd6 19.c4 b6 20.Qe3 Rb8 21.c5 bxc5 22.bxc5 Qd7
23.c6 Qd6 24.Qa7 Rf7 25.c7 Rb2 26.Qa8 Qd7 27.Bxa6 Bxa6 28.Qxa6 Nxc7 29.Nxc7 Qxc7
30.Rc1 Qe7 31.Rc8+ Rf8 32.Qa7 Qd6 33.Qc7 Qb4 34.a3 Qxa3 35.Qc3 Rb7 36.Qxa3 Rxc8
37.h3 h6 38.Rc1 Rd8 39.Qa6 Rbd7 40.Rc8 Kh7 41.Rxd8 Rxd8 42.Kh2 Rd4 43.Qa8 Rd3
44.h4 Rb3 45.Qc8 Ra3 46.g3 Ra2+ 47.Kh3 h5 48.Qe6 Rf2 49.Qe8 Kh6 50.g4 hxg4+
51.Kg3 Rf3+ 52.Kxg4 Rf4+ 53.Kg3 Kh7 54.h5 Rf1 55.Kg2 Rf4 56.Qf7 Kh8 57.Qg6 Rh4
58.Kf3 Rh2 59.Ke3 Rh1 60.Kd3 Rd1+ 61.Kc4 Rd6 62.h6  1-0

[Event "15th Donau Open"]
[Site "Aschach an der Donau AUT"]
[Date "2006.12.29"]
[Round "5"]
[White "Mazi,L"]
[Black "Mayerhofer,P"]
[Result "1/2-1/2"]
[WhiteElo "2354"]
[BlackElo "2196"]

1.e4 c5 2.Nf3 e6 3.d4 cxd4 4.Nxd4 a6 5.Nc3 Qc7 6.g3 Bb4 7.Ne2 Nf6 8.Bg2 Be7
9.h3 Nc6 10.O-O O-O 11.g4 d6 12.Ng3 b5 13.g5 Nd7 14.f4 Bb7 15.Kh1 Rfd8 16.f5 Nce5
17.Nce2 Re8 18.Nd4 Bf8 19.Qd2 Rac8 20.Qf2 g6 21.fxe6 fxe6 22.Be3 Bg7 23.Rad1 Nc5
24.Bf4 Qe7 25.b3  1/2-1/2

[Event "27th Open A"]
[Site "Bethune FRA"]
[Date "2006.12.29"]
[Round "7"]
[White "Cappon,J"]
[Black "Deschin,P"]
[Result "1-0"]
[WhiteElo "2240"]
[BlackElo "2093"]

1.e4 c5 2.Nc3 e6 3.Nf3 a6 4.d4 cxd4 5.Nxd4 b5 6.Bd3 Qb6 7.Nb3 Nc6 8.O-O Nf6
9.a4 b4 10.a5 Qc7 11.Na4 Ne5 12.f4 Nxd3 13.cxd3 Bb7 14.Be3 Bc6 15.Nb6 Rb8
16.Rc1 Be7 17.Qd2 O-O 18.Nc5 Bxc5 19.Bxc5 d6 20.Bd4 e5 21.fxe5 dxe5 22.Rxf6 gxf6
23.Nd5 Qd8 24.Rxc6 exd4 25.Qh6  1-0

[Event "XVII Cracovia A"]
[Site "Krakow POL"]
[Date "2006.12.29"]
[Round "3"]
[White "Stoma,P"]
[Black "Tazbir,M"]
[Result "0-1"]
[WhiteElo "2244"]
[BlackElo "2425"]

1.e4 c5 2.Nc3 e6 3.Nf3 a6 4.d4 cxd4 5.Nxd4 d6 6.a4 Qc7 7.g3 b6 8.Bg2 Bb7
9.O-O Nf6 10.g4 Be7 11.g5 Nfd7 12.Nde2 Nc6 13.Ng3 h6 14.gxh6 g5 15.Qh5 Nf6
16.Qxg5 Nxe4 17.Qg7 Bf6 18.Ncxe4 Bxg7 19.hxg7 O-O-O 20.gxh8=Q Rxh8 21.Bf4 e5
22.Bg5 Nd4 23.Bf6 Rh6 24.Rad1 d5 25.f4 exf4 26.Bg5 fxg3 27.Bxh6 Ne2+ 28.Kh1 dxe4
29.Rd2 Qc4 30.b3 Qe6 31.Bg7 Qg6 32.Rfd1 Qxg7 33.Rd8+ Kc7 34.R1d7+ Kc6 35.Bxe4+ Kc5
36.Bxb7 Qh7 37.Rc8+ Kb4 38.Rc4+ Ka3 39.h4 Qf5  0-1

[Event "Masters"]
[Site "Singapore SIN"]
[Date "2006.12.29"]
[Round "8"]
[White "Situru,N"]
[Black "Neubronner,J"]
[Result "1-0"]
[WhiteElo "2388"]
[BlackElo "2002"]

1.e4 c5 2.Nf3 e6 3.d4 cxd4 4.Nxd4 a6 5.Nc3 Qc7 6.Be3 Bb4 7.Ne2 Nf6 8.a3 Be7
9.h3 b5 10.g4 Bb7 11.Bg2 d6 12.O-O Nc6 13.Ng3 Ne5 14.Bd4 Nc6 15.Be3 Ne5 16.g5 Nfd7
17.Qe2 Nc4 18.Bc1 Ndb6 19.f4 O-O-O 20.a4 b4 21.Nd1 d5 22.a5 Qc5+ 23.Nf2 Nxa5
24.c3 Nb3 25.Be3 Qc7 26.cxb4 d4 27.Bd2 Nxa1 28.Rxa1 Kb8 29.b5 axb5 30.Qxb5 Qc5
31.Qb3 Nc4 32.e5 Rd7 33.Nd3 Qc7 34.Bxb7 Qxb7 35.Qxc4 Rc8 36.Qa4 Qf3 37.Nf1 Rdc7
38.Bb4 Bxb4 39.Qxb4+ Qb7 40.Qd6 Qc6 41.Nd2 Qc2 42.Nb4  1-0

[Event "ch-IRI"]
[Site "Tehran IRI"]
[Date "2006.12.29"]
[Round "10"]
[White "Moradi,B"]
[Black "Ghorbani,M"]
[Result "1-0"]
[WhiteElo "2299"]
[BlackElo "2304"]

1.e4 c5 2.Nf3 e6 3.d4 cxd4 4.Nxd4 a6 5.Nc3 d6 6.Be3 Be7 7.Qd2 Nf6 8.f3 h5
9.Be2 b5 10.a4 bxa4 11.Nxa4 Nfd7 12.O-O Bb7 13.Bc4 Qc8 14.Qe2 Nc6 15.Nxe6 fxe6
16.Bxe6 Ncb8 17.Nb6 Nxb6 18.Bxc8 Nxc8 19.Qc4 Nc6 20.Ra3 Nd8 21.Rb3 Bc6 22.Ra1 a5
23.Bd4 d5 24.exd5 Nd6 25.Qe2 Bxd5 26.Re3 Nc6 27.Rxe7+ Nxe7 28.Re1 Nf5 29.Bc5 O-O
30.Bxe7 Nxe7 31.Qxe7 Bf7 32.Qa3 Rfc8 33.c3 Rcb8 34.Re2 a4 35.Qc5 Rc8 36.Qb4 Rcb8
37.Qf4 Rb7 38.Qd4 a3 39.bxa3 Rxa3 40.c4 Ra8 41.c5 Rb1+ 42.Kf2 Rc1 43.h4 Rc4
44.Qd6 Rc8 45.Re5 Rc3 46.Rxh5 Ra8 47.Rg5 Rc2+ 48.Kg3 Raa2 49.Kh2 Re2 50.Qd4  1-0

[Event "XVII Cracovia A"]
[Site "Krakow POL"]
[Date "2006.12.30"]
[Round "5"]
[White "Solodovnichenko,Y"]
[Black "Kukula,P"]
[Result "1-0"]
[WhiteElo "2574"]
[BlackElo "2200"]

1.e4 c5 2.Nf3 e6 3.d4 cxd4 4.Nxd4 a6 5.Nc3 Qc7 6.Bd3 Bc5 7.Nb3 Be7 8.O-O Nf6
9.Qe2 d6 10.Bg5 Nbd7 11.f4 b5 12.Rae1 e5 13.Nd5 Nxd5 14.exd5 Bxg5 15.fxg5 O-O
16.Nd2 Nc5 17.Bxh7+ Kxh7 18.Qh5+ Kg8 19.g6 fxg6 20.Rxf8+ Kxf8 21.Qh8+ Kf7
22.Rf1+ Bf5 23.Qxa8 Nd7 24.g4 Qxc2 25.gxf5 Qxd2 26.fxg6+ Kxg6 27.Qe8+ Kh7
28.Qxd7 Qe3+ 29.Kg2 Qe4+ 30.Kg3 Qe3+ 31.Rf3  1-0